| 000 | 01030nam a2200277 a 4500 | ||
|---|---|---|---|
| 008 | 950609s1995 m yxo 0 slo c | ||
| 040 |
_aSNK _bslo _cSNK _eAACR2 |
||
| 041 | 1 | _aslo | |
| 044 |
_axo _cSK |
||
| 080 | _a372.891.152(73)(084.4) | ||
| 080 | _a912 | ||
| 110 | 0 |
_aVojenský kartografický ústav Harmanec, Slovensko _4aut |
|
| 245 | 1 | 0 |
_aAmerika _hkartografický dokument _bzošitové atlasy pre základné a stredné školy _cspracoval Vojenský kartografický ústav, š.p., Harmanec ; zodpovedný redaktor J. Vašek ; technickí redaktori R. Buday, Š. Dancs, R. Šatarová |
| 260 |
_aHarmanec _bVojenský kartografický ústav _c1995 |
||
| 300 | _bhlavne mapy | ||
| 650 | 0 | 7 |
_ageografia _xatlasy školské _2SNK |
| 651 | 0 | 7 |
_aAmerika _xatlasy školské _2SNK |
| 700 | 1 |
_aVašek, J. _4lso |
|
| 700 | 1 |
_aBuday, R. _4lso |
|
| 700 | 1 |
_aDancs, Š. _4lso |
|
| 700 | 1 |
_aŠatarová, R. _4lso |
|
| 760 | 1 | _tEdícia zošitových atlasov | |
| 923 |
_aatlas zemepisný _bviazaný _cpre školy |
||
| 020 | _c10 | ||
| 958 | _aCAT | ||
| 999 |
_c19746 _d19746 |
||